Κατάλογος Βιβλιοθηκών Mediterranean College

Σχεδιασμός Μεταφορικών Συστημάτων / Μεταφορές Ι (Record no. 9423)

MARC details
000 -LEADER
fixed length control field 01515cam a22001694a 4500
005 - ΗΜΕΡΟΜΗΝΙΑ ΚΑΙ ΩΡΑ ΤΕΛΕΥΤΑΙΑΣ ΕΝΗΜΕΡΩΣΗΣ
Πεδίο ελέγχου 20250605164400.0
008 - FIXED-LENGTH DATA ELEMENTS--GENERAL INFORMATION
Πεδίο ελέγχου σταθερού μήκους 250528s ||||||||||||||||||||||||d
035 ## - SYSTEM CONTROL NUMBER
System control number 24546
040 ## - ΠΗΓΗ ΚΑΤΑΛΟΓΟΓΡΑΦΗΣΗΣ
Φορέας πρωτότυπης καταλογογράφησης MC Athens Campus Library
Γλώσσα καταλογογράφησης Ελληνικά, Μοντέρνα (1453-)
Modifying agency MC Athens Campus Library
Κανόνες περιγραφικής καταλογογράφησης AACR2
245 1# - ΤΙΤΛΟΣ ΚΑΙ ΔΗΛΩΣΗ ΥΠΕΥΘΥΝΟΤΗΤΑΣ
Τίτλος Σχεδιασμός Μεταφορικών Συστημάτων / Μεταφορές Ι
260 ## - PUBLICATION, DISTRIBUTION, ETC.
Place of publication, distribution, etc. Αθήνα
Name of publisher, distributor, etc. Συμμετρία,
Date of publication, distribution, etc. 2000
520 ## - SUMMARY, ETC.
Summary, etc. Εισαγωγή, Μεταφορές και Οικολογικό Περιβάλλον, Γένεση των Μετακινήσεων, Παράμετροι Ανάπτυξης, Αλληλεπιδράσεις Μεταφορών και Παραμέτρων Ανάπτυξης, Χαρακτηριστικά Ατόμων και Αγαθών, Στάθμη Μεταφορικής Εξυπηρέτησης, Χαρακτηριστικοί Συντελεστές Διαδρομής, Χρόνος και Ταχύτητα, Κόστος, Μεταφορική Ικανότητα ή Χωρητικότητα και Συντελεστής Πληρότητας, Συγκοινωνιακοί Κόμβοι και Τερματικές Μετακινήσεις, Η Έννοια του Κόστους στις Μεταφορές, Μαθηματική Προσομοίωση των Μεταφορών, Πρόβλεψη Εξέλιξης Ζήτησης Μεταφορικής Εξυπηρέτησης, Επιλογή Βιβλιογραφίας.
700 1# - ΠΡΟΣΘΕΤΗ ΑΝΑΓΡΑΦΗ--ΦΥΣΙΚΟ ΠΡΟΣΩΠΟ
Personal name Αμπακουμκίν Κ. Γ
9 (RLIN) 9466
942 ## - ADDED ENTRY ELEMENTS (KOHA)
Koha item type Books
Holdings
Τύπος τεκμηρίου Βιβλιοθήκη Τρέχουσα τοποθεσία Barcode Αριθμός εισαγωγής Ημερομηνία απόκτησης Ταξιθετικό σύμβολο Αριθμός αντιτύπου Κατάσταση απόσυρσης Κατάσταση χαμένου Κατάσταση κατεστραμμένου Μη δανεισμός Σύνολο δανεισμών Ημερομηνία τελευταίας εμφάνισης Η τιμή ισχύει από
Books MC Athens Campus Library MC Athens Campus Library 9780000094223 7732   629.04 ABA 1           05/06/2025 05/06/2025

MC Athens Campus Library
Πατησίων 94 & Κοδριγκτώνος 13, 104 34
Πελλήνης 8 & Πατησίων 107, 112 51
Τ: +30 210 8899600

MC Thessaloniki Campus Library
Ίωνος Δραγούμη 21, 54625 | Ίωνος Δραγούμη 15, 54625
Τ: +30 2310 287779 – Τ: +30 2314 440300